LEADER 01921nam 2200409 n 450 001 996390567203316 005 20200824120739.0 035 $a(CKB)4940000000101123 035 $a(EEBO)2240861607 035 $a(UnM)99836890e 035 $a(UnM)99836890 035 $a(EXLCZ)994940000000101123 100 $a19900921d1537 uy | 101 0 $aeng 135 $aurbn||||a|bb| 200 04$aThe sermon that the reuerende father in Christ, Hugh Latimer, byshoppe of Worcester, made to the clergie$b[electronic resource] $ein conuocation, before the parlyament began, the 9. day of June, the .28. yere of the reygne of our soueraygne lorde kynge Henry the .viii. now translated out of latin into englishe, to the intent, that thingis wel said to a fewe, may be vnderstande of many, and do good, to al the[m] that desyre to be better 210 $a[Imprinted at London $cBy Thomas Berthelet, printer to the kinges grace$dThe yere from the byrth of Christ. 1537. the 24. of Marche. Cum priuilegio] 215 $a[36] leaves 300 $aSignatures: A-D E?. 300 $aImprint from colophon. 300 $aTitle within architectural frame. 300 $aRunning title reads: The sermon of bysshop Latimer. 300 $aAn translation of: Concio quam habuit reverendiss. in Christo pater Hugo Latimerus. 300 $aSome pages cropped with some marginal print loss, but readable. 300 $aReproduction of original in the Cambridge University Library. 330 $aeebo-0021 606 $aSermons, English$y16th century 615 0$aSermons, English 700 $aLatimer$b Hugh$f1485?-1555.$01001508 801 0$bCu-RivES 801 1$bCu-RivES 801 2$bCStRLIN 801 2$bWaOLN 906 $aBOOK 912 $a996390567203316 996 $aThe sermon that the reuerende father in Christ, Hugh Latimer, byshoppe of Worcester, made to the clergie$92354149 997 $aUNISA